| 000 | 01027pab a2200193 454500 | ||
|---|---|---|---|
| 008 | 180718b2002 xxu||||| |||| 00| 0 eng d | ||
| 100 | _aVerma A.K. | ||
| 245 | _aUP assembly elections: caste dominates ideology | ||
| 260 | _c2002 | ||
| 300 | _ap.1975-980. | ||
| 362 | _a25 May | ||
| 520 | _aAnalysis of the February 2002 assembly elections in UP and their outcome: the issues, the division of seats among the electoral alliances, the composition of candidates of different parties, the gains and losses of the parties in terms of seats and vote shares for the whole state and for different regions, voter preferences for parties by caste and other characteristics and the impact of the election campaigns on the performance of the parties. - Reproduced. | ||
| 650 | _aUttar Pradesh. Legislative Assembly - Elections | ||
| 650 | _aElections - India - Uttar Pradesh | ||
| 650 | _aUttar Pradesh - Politics and government | ||
| 650 | _aPolitics and government | ||
| 773 | _aEconomic and Political Weekly | ||
| 909 | _a52516 | ||
| 999 |
_c52516 _d52516 |
||